000 00322nam a2200133Ia 4500
005 20260328101529.0
008 260328s9999||||xx |||||||||||||| ||und||
100 _aUr
245 0 _aUrbanisme et Habitation /
_cUr
260 _bPresses Universitaires de France
300 _a319 p.
650 _aDISEÑO URBANO
942 _cBK
999 _c9902
_d9902